Riconosci il paese dalla piet - Statistics

Statistiche generali
  • Questo quiz è stato fatto 89 volte
  • Il punteggio medio è 9 su 16
Statistiche sulle risposte
con Immagini Risposta % Corretto
Italia
100%
Giappone
94%
Messico
94%
Spagna
94%
Stati Uniti
94%
Stati Uniti
81%
Regno Unito
78%
Spagna
56%
Austria
44%
Turchia
41%
Grecia
36%
Francia
35%
Polonia
23%
Polonia
19%
Danimarca
12%
Ungheria
1%
Nessun quiz corrispondente trovato
Distribuzione punteggi
Percentuale di utenti per punteggio
Percentile per numero di risposta
I tuoi punteggi nel tempo
Non hai fatto questo quiz